Rammohun Roy : (Record no. 87160)

MARC details
000 -LEADER
fixed length control field 00594nam a22001937a 4500
005 - DATE AND TIME OF LATEST TRANSACTION
control field 20140808123014.0
010 ## - LCCN (DPL NO)
LC control number ENG-110489
020 ## - INTERNATIONAL STANDARD BOOK NUMBER
International Standard Book Number 9788190598019
Terms of availability 250.00
035 ## - SYSTEM CONTROL NUMBER
System control number EN-94021
037 ## - SOURCE OF ACQUISITION
Source of stock number/acquisition DBAD/PUB
082 ## - DEWEY DECIMAL CLASSIFICATION NUMBER
Classification number 921
100 ## - MAIN ENTRY--PERSONAL NAME
Personal name Ball, Updendra Nath
245 ## - TITLE STATEMENT
Title Rammohun Roy :
Statement of responsibility, etc by Upendra Nath Ball
Remainder of title a study of his life, works and thoughts /
260 ## - PUBLICATION, DISTRIBUTION, ETC. (IMPRINT)
Name of publisher, distributor, etc Bibliophil
Date of publication, distribution, etc 2009
Place of publication, distribution, etc Kolkata
270 ## - ADDRESS
Address 206, Bidhan Sarani
City Kolkata
Postal code 700006
300 ## - PHYSICAL DESCRIPTION
Extent 276p.
Dimensions 24cm(Hb)
500 ## - GENERAL NOTE
General note Includes bibliographical references and index
942 ## - ADDED ENTRY ELEMENTS (KOHA)
Source of classification or shelving scheme Dewey Decimal Classification
Item type English Books
Call number suffix RAM
Classification part 921
Holdings
Withdrawn status Lost status Not for loan Collection code Home library Current library Date acquired Source of acquisition Cost, normal purchase price Full call number Barcode Copy number Cost, replacement price Koha item type
    Not For Loan Non-fiction D.B.Act.Division D.B.Act.Division 16/07/2014 DBAD/PUB 250.00 921 RAM EN-94021 1 250.00 English Books

© Delhi Public Library
Hit Counter
free hit counter